Fundamentals of structural analysis / (Record no. 616575)
[ view plain ]
| 000 -LEADER | |
|---|---|
| fixed length control field | 00379nam a22001457a 4500 |
| 020 ## - INTERNATIONAL STANDARD BOOK NUMBER | |
| Qualifying information | PB. |
| 040 ## - CATALOGING SOURCE | |
| Transcribing agency | FIZZA ISHAQ |
| 082 ## - DEWEY DECIMAL CLASSIFICATION NUMBER | |
| Classification number | 624.171 |
| Author Mark | WES |
| 100 ## - MAIN ENTRY--PERSONAL NAME | |
| Personal name | West, Harry H. |
| 245 ## - TITLE STATEMENT | |
| Title | Fundamentals of structural analysis / |
| Statement of responsibility, etc. | Harry H , West. |
| 250 ## - EDITION STATEMENT | |
| Edition statement | 2ND ED. |
| 260 ## - PUBLICATION, DISTRIBUTION, ETC. | |
| Place of publication, distribution, etc. | New York: |
| Name of publisher, distributor, etc. | John Wiley, |
| Date of publication, distribution, etc. | 2002. |
| 300 ## - PHYSICAL DESCRIPTION | |
| Extent | xvii, 567 p. : ill. ; |
| Dimensions | 26 cm |
| 942 ## - ADDED ENTRY ELEMENTS (KOHA) | |
| Source of classification or shelving scheme | |
| Koha item type | Book |
| Withdrawn status | Lost status | Source of classification or shelving scheme | Damaged status | Not for loan | Permanent Location | Current Location | Date acquired | Total Checkouts | Full call number | Barcode | Date last seen | Copy number | Price effective from | Koha item type |
|---|---|---|---|---|---|---|---|---|---|---|---|---|---|---|
| NUST Baluchistan Campus (NBC) | NUST Baluchistan Campus (NBC) | 03/10/2026 | 624.171 WES | Q-2074 | 03/10/2026 | 1 | 03/10/2026 | Book | ||||||
| NUST Baluchistan Campus (NBC) | NUST Baluchistan Campus (NBC) | 03/10/2026 | 624.171 WES | Q-3030 | 03/10/2026 | 2 | 03/10/2026 | Book |
